| 000 | 01678nam a2200277 a 4500 | ||
|---|---|---|---|
| 001 | 77845 | ||
| 003 | BD-RjUL | ||
| 005 | 20211209083038.0 | ||
| 008 | 210127b2005 bg ||||| m||| 00| 0 ben d | ||
| 035 | _a(BD-RjUL)78071 | ||
| 040 |
_aBD-RjUL _bben/eng _dBD-RjUL |
||
| 041 | _aben | ||
| 082 |
_223 _a297.27 _bALA 2005 |
||
| 100 |
_aআলী, মো. মহসিন _9244009 |
||
| 245 | 1 | 0 |
_aআল-কুরআনে সাম্য, মৈত্রী ও ভ্রাতৃত্ব : _bসমাজ জীবনে এর প্রভাব / _cমো. মহসিন আলী ; _6গবেষণা তত্বাবধায়ক : এফ. এম. এ. এইচ. তাকী |
| 260 |
_aরাজশাহী : _bইসলামিক স্টাডিজ বিভাগ, রাজশাহী বিশ্ববিদ্যালয়, _c২০০৫ |
||
| 300 |
_avii, ১৬৪ পাতা ; _c২৯ সেমি. |
||
| 502 | _aথিসিস (এম. ফিল.)--ইসলামিক স্টাডিজ বিভাগ, রাজশাহী বিশ্ববিদ্যালয়, ২০০৫ | ||
| 504 | _aগ্রন্থপঞ্জি: পাতা ১৫০-১৬৪ | ||
| 650 |
_aইসলাম এবং সামাজিক বিজ্ঞান _9244156 |
||
| 650 |
_aIslam and Social Sciences _9244157 |
||
| 650 |
_aকুরআন _xসমালোচনা, ব্যাখ্যা ইত্যাদি _9244158 |
||
| 650 |
_aQurʼan _xCriticism, interpretation, etc. _9244159 |
||
| 700 |
_aতাকী, এফ. এম. এ. এইচ. , গবেষণা তত্বাবধায়ক _9244012 |
||
| 942 |
_2ddc _cTHE |
||
| 999 |
_c77845 _d77845 |
||